| 000 | 00358nam a2200133Ia 4500 | ||
|---|---|---|---|
| 008 | 240624s9999 xx 000 0 und d | ||
| 041 | _aeng | ||
| 082 | _a381.01 EAS | ||
| 100 | _aEASTERLING CYNTHIA R | ||
| 245 | _aMERCHANDISING MATHEMATICS FOR RETAILING | ||
| 260 |
_c2008 _aNew Delhi _bPearson Education |
||
| 300 | _a384 : p. : cm. ; 27 | ||
| 365 |
_cRS _b36 |
||
| 999 |
_c11384 _d11384 |
||